Faculty of Law Library — Cairo University

Official Online Catalog

حماية البيئة ابان النزاعات المسحلة في البحار . (Record no. 65696)

MARC details
000 -LEADER
fixed length control field 01338nam a2200313 4500
003 - CONTROL NUMBER IDENTIFIER
control field EG-GICUC
005 - DATE AND TIME OF LATEST TRANSACTION
control field 20260307200325.0
008 - FIXED-LENGTH DATA ELEMENTS--GENERAL INFORMATION
fixed length control field 260307s1995 ua ||||fr|||| 00| 0 ara d
040 ## - CATALOGING SOURCE
Original cataloging agency EG-GICUC
Language of cataloging ara
Transcribing agency EG-GICUC
Modifying agency EG-GICUC
Description conventions rda
041 0# - LANGUAGE CODE
Language code of text/sound track or separate title ara
082 04 - DEWEY DECIMAL CLASSIFICATION NUMBER
Edition number 21
Classification number 341.762
Item number ص ل . ق
092 04 - LOCALLY ASSIGNED DEWEY CALL NUMBER (OCLC)
Edition number 21
099 ## - LOCAL FREE-TEXT CALL NUMBER (OCLC)
Classification number Law1 11 341.762 ص ل . ق 1995
100 0# - MAIN ENTRY--PERSONAL NAME
Personal name صلاح الدين عامر
Relator term مؤلف.
245 1# - TITLE STATEMENT
Title حماية البيئة ابان النزاعات المسحلة في البحار .
Medium المجلد التاسع و الأربعون /
Statement of responsibility, etc. صلاح الدين عامر .
264 #1 - PRODUCTION, PUBLICATION, DISTRIBUTION, MANUFACTURE, AND COPYRIGHT NOTICE
Place of production, publication, distribution, manufacture مصر :
Name of producer, publisher, distributor, manufacturer المجلة المصرية للقانون الدولي ،
Date of production, publication, distribution, manufacture, or copyright notice 1995 .
300 ## - PHYSICAL DESCRIPTION
Extent 44 صفحة ؛
Dimensions 26 سم.
336 ## - CONTENT TYPE
Source rda content
Content type term text
337 ## - MEDIA TYPE
Source rda media
Media type term Computer
338 ## - CARRIER TYPE
Source rda carrier
Carrier type term Online Resource
500 ## - GENERAL NOTE
General note مستخرج من المجلة المصرية للقانون الدولي -العدد 49 لسنة 1993
546 ## - LANGUAGE NOTE
Language note النص أغلبه باللغة العربية مع بعض النصوص الفرنسية
650 1# - SUBJECT ADDED ENTRY--TOPICAL TERM
Topical term or geographic name entry element القانون الدولي العام
650 1# - SUBJECT ADDED ENTRY--TOPICAL TERM
Topical term or geographic name entry element الموارد الطبيعية -- حماية -- قانون دولي
651 1# - SUBJECT ADDED ENTRY--GEOGRAPHIC NAME
Source of heading or term qrmak
856 40 - ELECTRONIC LOCATION AND ACCESS
Uniform Resource Identifier <a href="https://fll.law.cu.edu.eg/fulltext/bks/B11-07656.pdf">https://fll.law.cu.edu.eg/fulltext/bks/B11-07656.pdf</a>
905 ## - Cataloger and Reviser Names
Cataloger Name: Logain Ashraf
942 ## - ADDED ENTRY ELEMENTS (KOHA)
Source of classification or shelving scheme Dewey Decimal Classification
Suppress in OPAC No
Koha item type Books
Edition 21
Holdings
Withdrawn status Lost status Source of classification or shelving scheme Materials specified (bound volume or other part) Damaged status Not for loan Collection Home library Current library Date acquired Source of acquisition Total checkouts Full call number Barcode Date last seen Copy number Price effective from Koha item type
    Dewey Decimal Classification V49   Not for loan القانون الدولي العام جــــامعة القــاهرة مكتبة كلية الحقوق - المبنى الرئيسي 07.03.2026 إهداء مكتبة الأستاذ الدكتور صلاح عامر   Law1 11 341.762 ص ل . ق1107656 1995 C1 B11-07656 07.03.2026 1 07.03.2026 Books
    Dewey Decimal Classification V49     القانون الدولي العام جــــامعة القــاهرة مكتبة كلية الحقوق - المبنى الرئيسي 28.03.2026 إهداء مكتبة الأستاذ الدكتور صلاح عامر   Law1 11 341.762 ص ل . ق1107655 1995 C2 B11-07655 28.03.2026 2 28.03.2026 Books
    Dewey Decimal Classification       القانون الدولي العام جــــامعة القــاهرة مكتبة كلية الحقوق - فـرع الشيخ زايد 30.03.2026 إهداء مكتبة الأستاذ الدكتور صلاح عامر   Law2 11 341.762 ص ل . ق 1107654 1995 C3 B11-07654 29.03.2026 3 29.03.2026 Books

© All rights reserved — Faculty of Law, Cairo University